000 00574nam a2200217Ia 4500
003 OSt
005 20220923230705.0
006 a|||||r|||| 00| 0
007 ta
008 Pun
024 _a304,786
037 _cTextual
040 _aARTS
_cARTS
_bPun
041 _2Pun
_aPun
082 _aV243.N9, 153N4
100 _aਜੌਹਲ, ਮਖਣ ਸਿੰਘ
245 0 _aਖਾਲਿਸਤਾਨ ਨਹੀ੍ਵ ਬਣੇਗਾ
260 _c1994
942 _hV243.N9, 153N4
_cTEXL
_2CC
999 _c386593
_d386593